Statystyki dla Najlepsi strzelcy dekady w top 5 ligach piłkarskich

Kliknij tutaj aby rozwiązać quiz!

Ogólne statystyki

  • Ten quiz został rozwiązany 488 razy
  • Średni wynik to 7 z 10

Statystyki odpowiedzi

BramkiPiłkarz% Poprawnych
369Lionel Messi
100%
335Cristiano Ronaldo
99%
221Robert Lewandowski
95%
210Luis Suarez
79%
155Karim Benzema
75%
177Zlatan Ibrahimović
73%
199Sergio Aguero
60%
223Edinson Cavani
50%
191Gonzalo Higuain
27%
183Pierre-Emerick Aubameyang
17%

Rozkład punktacji

Percentyl według liczby udzielonych odpowiedzi

Procent ludzi z każdym wynikiem

Twoja historia wyników

Nie rozwiązałeś tego quizu